00805nam a2200217 a 450000100100000000500170001000800410002704000250006808200180009310000320011124500590014326000340020230000280023649000690026449000310033350000420036465000370040671000440044383000690048783000310055600001706220240307073946.0100317s1991 dr a 000 0 spa d aDO-SdBNPbspacBNPHU a627.13bR173h1 aRamírez Pérez, Franklin10aHidraúlica de canales /cFranklin Ramírez Pérez. aSanto Domingo :bUASd,c1991. a385 p. :bil. ;c22 cm.1 aPublicaciones de la Universidad Autónoma de Santo Domingov6401 aCiencia y tecnologíav26 aIncluye datos biográficos del autor 4aCanalesx(ingenieria hidraulica)1 aUniversidad Autónoma de Santo Domingo 0aPublicaciones de la Universidad Autónoma de Santo Domingon640 0aCiencia y tecnologían26